| 000 | 00779nam a22002057a 4500 | ||
|---|---|---|---|
| 999 |
_c532852 _d532852 |
||
| 003 | NUST | ||
| 005 | 20191204100948.0 | ||
| 008 | 191204b ||||| |||| 00| 0 eng d | ||
| 038 | _aIESE | ||
| 082 |
_a363.7 _bIQB |
||
| 100 |
_aIqbal,Ahmad _926466 |
||
| 245 |
_aInvestigating the impact of haze,clear and cloudy conditions on nitrogen dioxide retrieval from max-doas _cAhmad Iqbal |
||
| 260 |
_aIslamabad _bIESE (SCEE) NUST _c2019 |
||
| 300 |
_a46p. _bH.B |
||
| 440 |
_aMS Environmental Science _91724 |
||
| 500 | _aThesis MS ES | ||
| 650 |
_aEnvironmental Science _91725 |
||
| 700 | _4Dr. M Fahim Khokhar (Supervisor) | ||
| 942 |
_2ddc _cTHE _kIESE |
||